| 000 | 00436cam a2200181 4500 | ||
|---|---|---|---|
| 001 | D8805 | ||
| 008 | 090401t1985 xxu||||| |||| 00| 0 eng d | ||
| 035 | _a(Sirsi) u15432 | ||
| 041 | _aeng | ||
| 050 | _a690.241 | ||
| 100 | _aSmith, Lance | ||
| 245 | _aInvestigating old buildings | ||
| 260 |
_aLondon _bBatsford Academic and Educational _c1985 |
||
| 300 | _a160p. ill. 25cm | ||
| 350 | _a9.95 | ||
| 942 | _n0 | ||
| 948 | _c04/03/1997 | ||
| 999 |
_c87282 _d87282 |
||